Normal view
MARC view
Entry Personal Name
001 - CONTROL NUMBER
- control field: 43991
003 - CONTROL NUMBER IDENTIFIER
- control field: ARRUPE
005 - DATE AND TIME OF LATEST TRANSACTION
- control field: 20190111170111.0
008 - FIXED-LENGTH DATA ELEMENTS
- fixed length control field: 190111|| aca||aabn | a|a d
040 ## - CATALOGING SOURCE
- Original cataloging agency: ARRUPE
- Transcribing agency: ARRUPE
100 ## - HEADING--PERSONAL NAME
- Personal name: Ceram, CW
670 ## - SOURCE DATA FOUND
- Source citation: Work cat.: (ARRUPE)128761: Marek, Kurt W. 43952, Narrow pass, black mountain, 1956